Don Pepe diría: ¡No al TLC! /

Guardat en:
Dades bibliogràfiques
Autor principal: Merino del Río, José
Format: Text
Matèries:
Etiquetes: Afegir etiqueta
Sense etiquetes, Sigues el primer a etiquetar aquest registre!

MARC

LEADER 00000 a a2200000 04500
001 16876
003
040
100 |a Merino del Río, José  
245 |a Don Pepe diría:   |b ¡No al TLC! /  |c José Merino del Río 
650 |a POLITICA  
650 |a JEFE DE ESTADO  
650 |a TLC  
650 |a COSTA RICA  
773 |g volumen 14, número 1,2,3; páginas 65-69  
999 |c 24665  |d 24665